01631cam a22002891 450000100060000000300080000600500170001400800410003103500190007203500190009104000390011004100130014908200200016224500830018226001020026530000350036749000750040250400750047750505670055265000370111965000260115665000160118270000300119870000430122870000330127170000370130420210BD-RjUL20211209000532.0140226s1922 enka b 000 0 eng  a(BD-RjUL)20272 a(OCoLC)4274901 aDLCcCCCdOCoLCdDLCdBD-RjULbeng1 aenghund04a829.8bEAR 192204aThe Earliest arithmetics in English /ced. with introduction by Robert Steele. aLondon :bPub. for the Early English Text Society, by H. Milford, Oxford University Press,c1922. axviii, 84 p. :bills ;c22 cm.0 aEarly English Text Society. Extra series,vno. CXVIII. 1922 (for 1916) aEarly English Text Society's list of publications, etc. (8 p.) at end.0 aIntroduction.--The crafte of nombrynge, a translation and amplification of one of the glosses on the De algorismo of Alexander de Villa Dei (Egerton ms. 2622)--The art of nombryng, a translation of John of Holywood's De arte numerandi (Ashmole ms. 396, fol. 48)--Accomptynge by counters, reprinted from the 1543 edition of Robert Record's Arithmetic, printed by R. Wolfe.--Appendix I. A treatise on the numeration of algorism (From a 14th century ms.) II. Carmen de algorismo, by Alexander de Villa Dei (B.M. ms., 8 C IV., with additions from 12 E. 1 & Eg. 2622) 0aArithmeticxEarly works to 1900. 0aMathematicsxHistory. 0aAlgorithms.0 aAlexander,cde Villa Dei.2 aSacro Bosco, Joannes de,dactive 1230.1 aRecord, Robert,d1510?-1558.1 aSteele, Robert,d1860-1944,eed.